000
00240nam a2200109Ia 4500
100
_a
Bagchi/ T.P.
942
_c
BK
654
_a
ISO 900 concepts
245
_a
ISO 900 : Concepts
260
_b
Wheeler
_a
Allahabad
_c
1994
546
_a
ENGLISH
999
_c
18067
_d
18067